000 01189aam a2200337 i 4500
001 768714001
003 CO-MdFUSB
005 20250123161941.0
007 ta
008 210921t1993 ck |||| |||| 00| 0 spa d
020 _a[No incluye ISBN]
040 _bspa.
_aCO-MdFUSB
_cCO-MdFUSB
_dCO-MdFUSBC
_erda
041 _aspa
082 0 4 _a231.76
_bD686
_223
100 _aDonner, Theo G.
_d1955
_eautor
245 1 0 _aDios y la historia :
_bpautas para una filosofía de la historia
_c/ Theo G. Donner
264 0 _bSeminario Teológico Centroamericano (SETECA),
_aMedellín, Colombia :
_c[1993]
264 3 _c©1993
300 _a91 páginas
_c; 21 cm
336 _atexto
_btxt
_2rdacontent
337 _2rdamedia
_asin mediación
_bn
338 _2rdacarrier
_avolumen
_bnc
500 _aTheo Donner es docente de la Fundación Universitaria Seminario Bíblico de Colombia.
505 _a¿Monjes o Papas? historia y cosmovisión - Fe cristiana e historia - La iglesia peregrina: Agustín pro y contra - Una nación santa
563 _aRústico
650 7 _aCristianismo
_922
650 0 _aHistoria de la Iglesia
_9153
650 7 _aDios
_9178
942 _cBK
945 _aJTF-925
999 _c32200
_d32200